000 00406nam a22001697a 4500
003 MPLRDC
005 20220104144504.0
008 210129b ||||| |||| 00| 0 eng d
082 _a854.6 WZG-3
100 _a吴祖光
245 _a牛郎织女, 四幕诗剧
_c
250 _a初版
260 _a
_b新学书店
_c1957
300 _b
650 _a剧本--话剧剧本
942 _cBK
_o854.6 WZG-3
999 _c50108
_d50098